[Event "SVK-chT 2425"]
[Site "Slovakia"]
[Date "2025.03.15"]
[Round "7.7"]
[White "Federic, Jozef"]
[Black "Cajka, Tibor"]
[Result "1-0"]
[WhiteElo "2197"]
[BlackElo "2244"]
[PlyCount "115"]
[EventDate "2024.11.23"]
[EventType "team-tourn"]
[EventRounds "11"]
[EventCountry "SVK"]
[SourceTitle "CB14_2025"]
[SourceDate "2024.11.01"]
[SourceVersion "1"]
[SourceVersionDate "2024.11.01"]
[SourceQuality "1"]
[WhiteTeam "Modra"]
[BlackTeam "Osuske"]
[WhiteTeamCountry "SVK"]
[BlackTeamCountry "SVK"]

1. d4 Nf6 2. c4 c5 3. d5 b5 4. cxb5 a6 5. b6 g6 6. Nc3 Qxb6 7. e4 Bg7 8. Nf3 d6 9. a4 Bg4 10. a5 Qc7 11. Qa4+ Bd7 12. Qc2 0-0 13. Bc4 Ng4 14. 0-0 Ne5 15. Nxe5 Bxe5 16. Bh6 Rc8 17. Ra3 Bb5 18. Bxb5 axb5 19. Nxb5 Qd7 20. Nc3 Qc7 21. Rfa1 Na6 22. Qe2 Rcb8 23. Na4 Nb4 24. Nb6 Ra7 25. h4 Qb7 26. h5 Qa6 27. Nc4 Bd4 28. Kf1 Bxb2 29. Nxb2 Qxe2+ 30. Kxe2 Nc2 31. Nc4 Rb4 32. Kd3 Nxa1 33. Rxa1 Rb3+ 34. Kc2 Rbb7 35. Bd2 f6 36. Ra3 Kf7 37. hxg6+ hxg6 38. Rb3 Ke8 39. Rxb7 Rxb7 40. Nb6 Kd8 41. Kd3 Kc7 42. Kc4 Kb8 43. f4 Ka7 44. Kb5 Rb8 45. Bc3 Rh8 46. e5 fxe5 47. fxe5 dxe5 48. Bxe5 Rh5 49. Bf4 c4 50. Kxc4 Ka6 51. Nc8 Rf5 52. g3 Rf7 53. Bg5 Kb7 54. Nxe7 Rf3 55. Bf4 g5 56. Be5 Re3 57. Kd4 Ra3 58. Ke4 1-0

[Event "SVK-chT1W 2425"]
[Site "Slovakia"]
[Date "2025.01.11"]
[Round "5.4"]
[White "Zetocha, Adrian"]
[Black "Federic, Jozef"]
[Result "0-1"]
[WhiteElo "2197"]
[BlackElo "2196"]
[PlyCount "82"]
[EventDate "2024.11.16"]
[EventType "team-tourn"]
[EventRounds "11"]
[EventCountry "SVK"]
[SourceTitle "CB14_2025"]
[SourceDate "2024.11.01"]
[SourceVersion "1"]
[SourceVersionDate "2024.11.01"]
[SourceQuality "1"]
[WhiteTeam "Bratislava Slovan II"]
[BlackTeam "Bratislava Doprastav"]
[WhiteTeamCountry "SVK"]
[BlackTeamCountry "SVK"]

1. d4 Nf6 2. c4 e6 3. Nc3 Bb4 4. e3 0-0 5. Bd3 c5 6. Nf3 cxd4 7. exd4 Bxc3+ 8. bxc3 d6 9. 0-0 b6 10. Bg5 Bb7 11. Nd2 h6 12. Bh4 Nbd7 13. a4 a5 14. Nb1 Qc7 15. Na3 Qc6 16. f3 d5 17. cxd5 Nxd5 18. Bb5 Qc8 19. Qd2 Ba6 20. c4 Bxb5 21. axb5 N5f6 22. Rfc1 Qb7 23. c5 Qd5 24. c6 Nc5 25. Rxc5 bxc5 26. Rc1 cxd4 27. Bxf6 gxf6 28. Rc4 e5 29. Qxh6 Qd6 30. Nc2 Qe6 31. Ne3 Rfd8 32. Ng4 Rd6 33. Nxf6+ Qxf6 34. Qxf6 Rxf6 35. b6 Rb8 36. c7 Rfxb6 37. cxb8Q+ Rxb8 38. Rc5 a4 39. Rxe5 Rb1+ 40. Kf2 Rb2+ 41. Kg3 d3 0-1

[Event "SVK-chT1W 2425"]
[Site "Slovakia"]
[Date "2024.12.08"]
[Round "4.5"]
[White "Chovan, Milan"]
[Black "Federic, Jozef"]
[Result "1/2-1/2"]
[WhiteElo "2329"]
[BlackElo "2196"]
[PlyCount "55"]
[EventDate "2024.11.16"]
[EventType "team-tourn"]
[EventRounds "11"]
[EventCountry "SVK"]
[SourceTitle "CB14_2025"]
[SourceDate "2024.11.01"]
[SourceVersion "1"]
[SourceVersionDate "2024.11.01"]
[SourceQuality "1"]
[WhiteTeam "Nitra K CERO INVEST"]
[BlackTeam "Bratislava Doprastav"]
[WhiteTeamCountry "SVK"]
[BlackTeamCountry "SVK"]

1. d4 Nf6 2. c4 e6 3. Nc3 d5 4. cxd5 Nxd5 5. e4 Nxc3 6. bxc3 c5 7. Rb1 cxd4 8. cxd4 Be7 9. Nf3 0-0 10. Bc4 Nd7 11. 0-0 b6 12. Qe2 Bb7 13. Bb2 Rc8 14. Rfc1 Nf6 15. Bd3 Rxc1+ 16. Rxc1 Qa8 17. Nd2 Rc8 18. Rxc8+ Qxc8 19. f3 Qd7 20. Bb5 Bc6 21. Bc4 Kf8 22. Nf1 b5 23. Bd3 a5 24. Ne3 a4 25. Nc2 Qb7 26. Qe3 b4 27. Bc4 Ne8 28. e5 1/2-1/2

[Event "SVK-chT2A 2425"]
[Site "Slovakia"]
[Date "2024.11.30"]
[Round "3.2"]
[White "Skreno, Vladimir"]
[Black "Federic, Jozef"]
[Result "0-1"]
[WhiteElo "2067"]
[BlackElo "2187"]
[PlyCount "52"]
[EventDate "2024.11.09"]
[EventType "team-tourn"]
[EventRounds "11"]
[EventCountry "SVK"]
[SourceTitle "CB51_2024"]
[SourceDate "2024.12.18"]
[SourceVersion "1"]
[SourceVersionDate "2024.12.18"]
[SourceQuality "1"]
[WhiteTeam "Hlohovec"]
[BlackTeam "Modra II"]
[WhiteTeamCountry "SVK"]
[BlackTeamCountry "SVK"]

1. d4 Nf6 2. Nf3 g6 3. c4 Bg7 4. Nc3 d5 5. e3 0-0 6. b4 c6 7. cxd5 Nxd5 8. Nxd5 Qxd5 9. Bb2 Bf5 10. Be2 Nd7 11. 0-0 a5 12. a3 Rfd8 13. Nd2 Nb6 14. Bf3 Qd7 15. Nb3 Na4 16. Qe2 Nxb2 17. Qxb2 axb4 18. axb4 e5 19. Rxa8 Rxa8 20. e4 Be6 21. dxe5 Qe7 22. Na5 c5 23. Nb3 cxb4 24. Be2 Ra3 25. Nc1 g5 26. Rd1 Ra5 0-1

[Event "SVK-chT1W 2324"]
[Site "Slovakia"]
[Date "2024.02.04"]
[Round "9.3"]
[White "Federic, Jozef"]
[Black "Bochnicka, Vladimir1"]
[Result "1/2-1/2"]
[WhiteElo "2222"]
[BlackElo "2405"]
[PlyCount "135"]
[EventDate "2023.10.21"]
[EventType "team-tourn"]
[EventRounds "11"]
[EventCountry "SVK"]
[SourceTitle "EXT 2025"]
[Source "ChessBase"]
[SourceDate "2024.10.14"]
[SourceVersion "1"]
[SourceVersionDate "2024.10.14"]
[SourceQuality "1"]
[WhiteTeam "Bratislava Doprastav"]
[BlackTeam "Bratislava KSN"]
[WhiteTeamCountry "SVK"]
[BlackTeamCountry "SVK"]

1. e4 e5 2. Nf3 Nc6 3. Bc4 Nf6 4. d3 h6 5. 0-0 d6 6. c3 g5 7. Nbd2 Bg7 8. a4 0-0 9. a5 a6 10. Bb3 Ne7 11. d4 Ng6 12. Qc2 g4 13. Ne1 exd4 14. cxd4 Nh5 15. e5 Nhf4 16. Nc4 Be6 17. Ra4 Qg5 18. Be3 Qh5 19. Bxf4 Nxf4 20. Qe4 Ng6 21. exd6 cxd6 22. Qe3 Bd7 23. Rb4 Bb5 24. Nxd6 Bxf1 25. Kxf1 Rad8 26. Qg3 Bf6 27. Rxb7 Bh4 28. Nxf7 Bxg3 29. Ng5+ Rf7 30. Nxf7 Rd5 31. hxg3 Kf8 32. Ne5 Rb5 33. Nd7+ Ke7 34. Nb6+ Kd8 35. Rd7+ Ke8 36. Bf7+ Kf8 37. Nd3 Qf5 38. Bc4 Rxb6 39. Rf7+ Qxf7 40. Bxf7 Rd6 41. Bxg6 Rxg6 42. Ke2 Ke7 43. Ne5 Rg8 44. Kd3 h5 45. Ke4 Kd6 46. b4 Rb8 47. Nc4+ Kc6 48. d5+ Kc7 49. Nb6 Re8+ 50. Kd4 Re2 51. Kc5 Rxf2 52. d6+ Kb7 53. b5 axb5 54. Kxb5 Rf5+ 55. Kb4 Kc6 56. Nc4 Rb5+ 57. Kc3 Rb1 58. Kd4 Rg1 59. Ke4 Rxg2 60. Kf4 Rc2 61. Ne3 Ra2 62. Kg5 Rxa5+ 63. Kh4 Rc5 64. Ng2 Kxd6 65. Nf4 Rc8 66. Nxh5 Rc3 67. Kxg4 Rxg3+ 68. Nxg3 1/2-1/2

[Event "SVK-chT2A 2324"]
[Site "Slovakia"]
[Date "2024.01.14"]
[Round "7.1"]
[White "Takacs, Laszlo"]
[Black "Federic, Jozef"]
[Result "1/2-1/2"]
[WhiteElo "2206"]
[BlackElo "2234"]
[PlyCount "87"]
[EventDate "2023.10.07"]
[EventType "team-tourn"]
[EventRounds "11"]
[EventCountry "SVK"]
[SourceTitle "EXT 2025"]
[Source "ChessBase"]
[SourceDate "2024.10.14"]
[SourceVersion "1"]
[SourceVersionDate "2024.10.14"]
[SourceQuality "1"]
[WhiteTeam "Dunajska Streda II"]
[BlackTeam "Modra II"]
[WhiteTeamCountry "SVK"]
[BlackTeamCountry "SVK"]

1. e4 g6 2. d4 Bg7 3. Nc3 e6 4. Be3 Ne7 5. Qd2 h6 6. 0-0-0 d6 7. h4 Nd7 8. h5 g5 9. f4 gxf4 10. Bxf4 e5 11. dxe5 Nxe5 12. Nf3 Be6 13. Nxe5 dxe5 14. Qf2 Qc8 15. Qg3 Rg8 16. Bxe5 Bf6 17. Qh2 Bg5+ 18. Kb1 Bg4 19. Bxc7 Bxd1 20. Bb5+ Kf8 21. Rxd1 Qg4 22. Bd7 Qh4 23. Qxh4 Bxh4 24. g4 Nc6 25. Nd5 Kg7 26. b4 Bf6 27. b5 Ne5 28. Bxe5 Bxe5 29. c4 Rgd8 30. Bf5 Bd6 31. Kc2 b6 32. Kc3 Bc5 33. Re1 a6 34. Nc7 axb5 35. Nxa8 Rxa8 36. cxb5 Rxa2 37. e5 Ra3+ 38. Kc4 Re3 39. Rd1 Rxe5 40. Rd7 Re7 41. Rd8 Re5 42. Rc8 Be7 43. Rc6 Rc5+ 44. Rxc5 1/2-1/2

[Event "SVK-chT1W 2324"]
[Site "Slovakia"]
[Date "2024.01.13"]
[Round "7.3"]
[White "Federic, Jozef"]
[Black "Juhasz, Barbara"]
[Result "1/2-1/2"]
[WhiteElo "2222"]
[BlackElo "2242"]
[PlyCount "135"]
[EventDate "2023.10.21"]
[EventType "team-tourn"]
[EventRounds "11"]
[EventCountry "SVK"]
[SourceTitle "EXT 2025"]
[Source "ChessBase"]
[SourceDate "2024.10.14"]
[SourceVersion "1"]
[SourceVersionDate "2024.10.14"]
[SourceQuality "1"]
[WhiteTeam "Bratislava Doprastav"]
[BlackTeam "Nitra NSK"]
[WhiteTeamCountry "SVK"]
[BlackTeamCountry "SVK"]

1. Nf3 Nf6 2. b3 g6 3. Bb2 Bg7 4. g3 d6 5. d4 c5 6. e3 Ne4 7. Bg2 Qa5+ 8. c3 0-0 9. 0-0 Na6 10. a3 Nc7 11. Nfd2 Nxd2 12. Nxd2 cxd4 13. cxd4 Rb8 14. b4 Qb5 15. Qc2 Ne8 16. Rfc1 Bd7 17. Bc3 Nf6 18. d5 Rbc8 19. a4 Qb6 20. Qb3 Ng4 21. Nc4 Qd8 22. Bxg7 Kxg7 23. Qb2+ Nf6 24. Qd4 Ra8 25. e4 Kg8 26. f4 Bxa4 27. Rxa4 b5 28. Rxa7 bxc4 29. Rxc4 Re8 30. Rcc7 Rxa7 31. Qxa7 Qb8 32. Qxb8 Rxb8 33. Rc4 Ng4 34. Bh3 h5 35. Bxg4 hxg4 36. Kf2 f5 37. Ke3 Kf7 38. e5 Ke8 39. Kd4 Kd8 40. Kc3 Rb5 41. Rd4 Kc7 42. Kc4 Rb8 43. Rd2 Kb6 44. Ra2 Rc8+ 45. Kb3 Rc1 46. Ra8 Rb1+ 47. Kc3 Rc1+ 48. Kb2 Rd1 49. Re8 dxe5 50. fxe5 Rxd5 51. Rxe7 Rd2+ 52. Kc3 Rxh2 53. Re6+ Kc7 54. Rxg6 Rg2 55. Rg7+ Kc6 56. Kd4 Rxg3 57. b5+ Kxb5 58. e6 Kc6 59. Ke5 Re3+ 60. Kxf5 g3 61. Kf6 Kd6 62. Rd7+ Kc6 63. Rd2 Rf3+ 64. Kg7 Re3 65. Kf7 Rf3+ 66. Kg7 Re3 67. Kf7 Rf3+ 68. Kg7 1/2-1/2

[Event "SVK-chT1W 2324"]
[Site "Slovakia"]
[Date "2023.12.17"]
[Round "6.2"]
[White "Federic, Jozef"]
[Black "Dobrotka, Martin"]
[Result "0-1"]
[WhiteElo "2213"]
[BlackElo "2166"]
[PlyCount "120"]
[EventDate "2023.10.21"]
[EventType "team-tourn"]
[EventRounds "11"]
[EventCountry "SVK"]
[SourceTitle "EXT 2025"]
[Source "ChessBase"]
[SourceDate "2024.10.14"]
[SourceVersion "1"]
[SourceVersionDate "2024.10.14"]
[SourceQuality "1"]
[WhiteTeam "Bratislava Doprastav"]
[BlackTeam "Levice II"]
[WhiteTeamCountry "SVK"]
[BlackTeamCountry "SVK"]

1. Nf3 Nf6 2. g3 g6 3. Bg2 Bg7 4. c4 d6 5. d4 c6 6. Nc3 Qa5 7. 0-0 Qh5 8. Nh4 g5 9. Nf3 h6 10. Qd3 Bh3 11. Nd1 Nbd7 12. Ne3 0-0 13. Nf5 Rae8 14. Nxg7 Kxg7 15. Re1 Bxg2 16. Kxg2 e5 17. e4 Qg6 18. Bd2 c5 19. d5 Nh5 20. Re2 f5 21. exf5 Rxf5 22. Qb3 Qf7 23. Rf1 Nf8 24. Ne1 Ng6 25. Kg1 Kh7 26. Ng2 Rf8 27. Ne3 Rf3 28. Qc2 Kg7 29. Qe4 Qd7 30. Qg4 Qxg4 31. Nxg4 Nf6 32. Nxf6 R8xf6 33. Re4 Rd3 34. Be3 Ne7 35. h4 gxh4 36. Rxh4 Nf5 37. Rg4+ Rg6 38. Rxg6+ Kxg6 39. Bc1 h5 40. Kg2 a6 41. b3 b5 42. cxb5 axb5 43. a4 Rxb3 44. a5 Rb4 45. Bd2 Ra4 46. Bc3 b4 47. Ra1 Rxa1 48. Bxa1 Ne7 49. a6 Nxd5 50. a7 Nb6 51. f4 exf4 52. gxf4 Kf5 53. Kf3 h4 54. Bg7 b3 55. Bb2 d5 56. Ba3 Na8 57. Bc1 d4 58. Bb2 h3 59. Kg3 h2 60. Kxh2 Kxf4 0-1

[Event "SVK-chT2A 2324"]
[Site "Slovakia"]
[Date "2023.11.11"]
[Round "3.2"]
[White "Federic, Jozef"]
[Black "Cajka, Tibor"]
[Result "1-0"]
[WhiteElo "2234"]
[BlackElo "2108"]
[PlyCount "69"]
[EventDate "2023.10.07"]
[EventType "team-tourn"]
[EventRounds "11"]
[EventCountry "SVK"]
[SourceTitle "EXT 2025"]
[Source "ChessBase"]
[SourceDate "2024.10.14"]
[SourceVersion "1"]
[SourceVersionDate "2024.10.14"]
[SourceQuality "1"]
[WhiteTeam "Modra II"]
[BlackTeam "Osuske II"]
[WhiteTeamCountry "SVK"]
[BlackTeamCountry "SVK"]

1. Nf3 Nf6 2. c4 e6 3. Nc3 d5 4. cxd5 exd5 5. d4 c6 6. Bg5 Be7 7. Qc2 Nbd7 8. e3 0-0 9. Bd3 Re8 10. 0-0 h6 11. Bf4 Nh5 12. Nxd5 Nxf4 13. Nxf4 Nf6 14. Bc4 Rf8 15. Ne5 Nd5 16. Qb3 Nxf4 17. exf4 Bf5 18. Nxf7 Rxf7 19. Bxf7+ Kh8 20. Qxb7 Bd6 21. Rfe1 Bd7 22. Re4 Rb8 23. Qa6 Qc7 24. Qe2 Bxf4 25. g3 Bg5 26. Re1 Rf8 27. Be6 Be8 28. h4 Bf6 29. h5 Bg5 30. Bf5 Bf7 31. Bg6 Bg8 32. Re8 Qd6 33. Rxf8 Qxf8 34. Qc2 Qd6 35. Re8 1-0

[Event "SVK-chT2A 2223"]
[Site "Slovakia"]
[Date "2023.03.25"]
[Round "10.3"]
[White "Federic, Jozef"]
[Black "Skreko, Igor1"]
[Result "1/2-1/2"]
[WhiteElo "2220"]
[BlackElo "1950"]
[PlyCount "78"]
[EventDate "2022.10.08"]
[EventType "team-tourn"]
[EventRounds "11"]
[EventCountry "SVK"]
[SourceTitle "EXT 2024"]
[Source "ChessBase"]
[SourceDate "2023.10.10"]
[SourceVersion "1"]
[SourceVersionDate "2023.10.10"]
[SourceQuality "1"]
[WhiteTeam "Modra II"]
[BlackTeam "Modranka Komplet"]
[WhiteTeamCountry "SVK"]
[BlackTeamCountry "SVK"]

1. Nf3 Nf6 2. b3 g6 3. Bb2 Bg7 4. g3 0-0 5. Bg2 d6 6. d4 c5 7. e3 Qc7 8. 0-0 Nc6 9. c4 a6 10. Nc3 Rb8 11. dxc5 dxc5 12. Qe2 Bf5 13. Rfd1 Rfd8 14. Na4 b6 15. Rxd8+ Rxd8 16. Rd1 Rxd1+ 17. Qxd1 Nd7 18. Bxg7 Kxg7 19. Ng5 Nde5 20. f4 h6 21. Ne4 Ng4 22. Qd2 Nd8 23. Nec3 Be6 24. Bd5 Nf6 25. e4 Nc6 26. e5 Nxd5 27. cxd5 Nd4 28. Qd3 Bc8 29. Ne4 Bb7 30. Nac3 Qd7 31. b4 Bxd5 32. bxc5 Bxe4 33. Nxe4 bxc5 34. Nxc5 Qd5 35. Ne4 f5 36. exf6+ exf6 37. a3 f5 38. Nd2 Qc5 39. Kg2 Qc6+ 1/2-1/2

[Event "SVK-chT2A 2223"]
[Site "Slovakia"]
[Date "2022.11.13"]
[Round "4.2"]
[White "Federic, Jozef"]
[Black "Simonics, Peter"]
[Result "1-0"]
[WhiteElo "2228"]
[BlackElo "2087"]
[PlyCount "79"]
[EventDate "2022.10.08"]
[EventType "team-tourn"]
[EventRounds "11"]
[EventCountry "SVK"]
[SourceTitle "EXT 2024"]
[Source "ChessBase"]
[SourceDate "2023.10.10"]
[SourceVersion "1"]
[SourceVersionDate "2023.10.10"]
[SourceQuality "1"]
[WhiteTeam "Modra II"]
[BlackTeam "Dunajska Streda II"]
[WhiteTeamCountry "SVK"]
[BlackTeamCountry "SVK"]

1. d4 Nf6 2. c4 g6 3. Nc3 Bg7 4. e4 d6 5. Nf3 0-0 6. Be2 e5 7. 0-0 Nc6 8. d5 Ne7 9. Ne1 Ne8 10. Be3 f5 11. f3 f4 12. Bf2 b6 13. b4 a5 14. a3 axb4 15. axb4 Rxa1 16. Qxa1 g5 17. c5 bxc5 18. bxc5 h5 19. Nd3 g4 20. Qa8 Ng6 21. fxg4 f3 22. Bxf3 Nf4 23. Nxf4 exf4 24. e5 Bxe5 25. Ne4 Ng7 26. gxh5 Qe7 27. Qa7 Nf5 28. cxd6 Nxd6 29. Nxd6 Qxd6 30. Qc5 Qf6 31. Qc6 Bd6 32. Re1 Qf7 33. Qc3 Re8 34. Rxe8+ Qxe8 35. Qf6 Qf7 36. Qxf7+ Kxf7 37. Bd4 Bf5 38. Kf2 Kg8 39. g4 fxg3+ 40. hxg3 1-0

[Event "SVK-chT1W 2223"]
[Site "Slovakia"]
[Date "2022.10.15"]
[Round "1.3"]
[White "Lecky, Juraj"]
[Black "Federic, Jozef"]
[Result "0-1"]
[WhiteElo "2081"]
[BlackElo "2228"]
[PlyCount "124"]
[EventDate "2022.10.15"]
[EventType "team-tourn"]
[EventRounds "11"]
[EventCountry "SVK"]
[SourceTitle "EXT 2024"]
[Source "ChessBase"]
[SourceDate "2023.10.10"]
[SourceVersion "1"]
[SourceVersionDate "2023.10.10"]
[SourceQuality "1"]
[WhiteTeam "Levice"]
[BlackTeam "Bratislava Doprastav"]
[WhiteTeamCountry "SVK"]
[BlackTeamCountry "SVK"]

1. d4 Nf6 2. c4 e6 3. Nf3 b6 4. g3 Bb7 5. Bg2 c5 6. d5 exd5 7. Nh4 g6 8. Nc3 Bg7 9. cxd5 d6 10. 0-0 0-0 11. h3 Na6 12. e4 Nc7 13. a4 a6 14. Re1 Re8 15. Nf3 b5 16. axb5 axb5 17. Rxa8 Bxa8 18. Qc2 Nd7 19. Bf4 Nb6 20. h4 b4 21. Nd1 Nb5 22. Bf1 Nd4 23. Nxd4 Bxd4 24. Bb5 Re7 25. Be3 Bg7 26. Bd2 Qb8 27. Bc4 Qe8 28. Bf4 Qd7 29. Ne3 Bd4 30. b3 Bb7 31. Bd3 Re8 32. Qc1 Bc3 33. Re2 Ra8 34. Nc2 Ba6 35. Qe3 Bxd3 36. Qxd3 Ra2 37. Bd2 Rb2 38. Bxc3 Rxb3 39. Qa6 bxc3 40. Kg2 Qb5 41. Qxb5 Rxb5 42. Ne3 Rb4 43. Kf3 Nc4 44. Nxc4 Rxc4 45. Rc2 f5 46. exf5 gxf5 47. Ke3 Kf7 48. Kd3 Rd4+ 49. Kxc3 Rxd5 50. Ra2 Rd1 51. Ra7+ Kg6 52. Rc7 h6 53. Re7 d5 54. Re6+ Kg7 55. Rc6 c4 56. Rd6 h5 57. Kc2 Rd3 58. Rd7+ Kf6 59. Rd6+ Ke5 60. Rh6 Rf3 61. Rxh5 Rxf2+ 62. Kc1 d4 0-1

[Event "SVK-chT 2122"]
[Site "Slovakia"]
[Date "2022.06.12"]
[Round "11.2"]
[White "Tauber, Marek"]
[Black "Federic, Jozef"]
[Result "0-1"]
[WhiteElo "2061"]
[BlackElo "2206"]
[PlyCount "100"]
[EventDate "2021.10.23"]
[EventType "team-tourn"]
[EventRounds "11"]
[EventCountry "SVK"]
[SourceTitle "EXT 2023"]
[Source "ChessBase"]
[SourceDate "2022.10.05"]
[SourceVersion "1"]
[SourceVersionDate "2022.10.05"]
[SourceQuality "1"]
[WhiteTeam "Kosice Slavia UPJS"]
[BlackTeam "Modra"]
[WhiteTeamCountry "SVK"]
[BlackTeamCountry "SVK"]

1. e4 c5 2. Nf3 e6 3. d4 cxd4 4. Nxd4 Nc6 5. Nc3 Qc7 6. g3 a6 7. Bg2 h5 8. h3 h4 9. g4 Nge7 10. Be3 Ng6 11. Nxc6 dxc6 12. Qd2 e5 13. Ne2 Be6 14. 0-0 Be7 15. Rad1 0-0 16. b3 b5 17. f4 Rad8 18. Qc1 Rxd1 19. Rxd1 exf4 20. Nxf4 Nxf4 21. Bxf4 Qa5 22. Qa1 b4 23. Be5 f6 24. Bd4 Rd8 25. Bf2 Rxd1+ 26. Qxd1 Bc5 27. Bxc5 Qxc5+ 28. Kh1 a5 29. Qd3 Kf7 30. Bf1 Ke7 31. Kg2 Qe5 32. Be2 Qf4 33. Qf3 Qd2 34. Qd3 Qxd3 35. Bxd3 Kd6 36. Kf3 Ke5 37. Ke3 Bd7 38. Ba6 c5 39. Bb7 Bb5 40. Bc8 g5 41. Bf5 Bf1 42. Kf3 Bxh3 43. Bg6 Bf1 44. Kf2 Bb5 45. Ke3 Bd7 46. Kf3 Kd4 47. Bh7 a4 48. Bg6 a3 49. Bh7 Be6 50. Bg6 c4 0-1

[Event "SVK-chT 2122"]
[Site "Slovakia"]
[Date "2022.05.08"]
[Round "8.1"]
[White "Bojtos, Patrik"]
[Black "Federic, Jozef"]
[Result "1/2-1/2"]
[WhiteElo "1951"]
[BlackElo "2206"]
[PlyCount "125"]
[EventDate "2021.10.23"]
[EventType "team-tourn"]
[EventRounds "11"]
[EventCountry "SVK"]
[SourceTitle "EXT 2023"]
[Source "ChessBase"]
[SourceDate "2022.10.05"]
[SourceVersion "1"]
[SourceVersionDate "2022.10.05"]
[SourceQuality "1"]
[WhiteTeam "Cebovce"]
[BlackTeam "Modra"]
[WhiteTeamCountry "SVK"]
[BlackTeamCountry "SVK"]

1. d4 d5 2. Bf4 Nf6 3. e3 e6 4. Nf3 Bd6 5. Bg3 0-0 6. Bd3 c5 7. c3 b6 8. Nbd2 Bb7 9. Ne5 Nc6 10. f4 Ne7 11. Qf3 a5 12. Bh4 Nf5 13. Bxf6 gxf6 14. Ng4 Kh8 15. Bxf5 exf5 16. Nh6 Qd7 17. Qh5 cxd4 18. cxd4 Ba6 19. Qxf5 Qe7 20. Kf2 Rae8 21. Ng4 Kg7 22. Rhe1 Qe6 23. Qh5 f5 24. Qg5+ Qg6 25. Nf6 Rc8 26. Rec1 Qxg5 27. fxg5 Bb4 28. Nf3 Rfd8 29. a3 Be7 30. Nh5+ Kf8 31. Nf4 Bc4 32. h4 b5 33. Nd2 a4 34. Ne2 Rb8 35. Ng3 Bd3 36. Rc3 Be4 37. Ndxe4 fxe4 38. Nf5 Rb7 39. Nxe7 Kxe7 40. Rac1 b4 41. Rc7+ Rd7 42. Rxd7+ Kxd7 43. axb4 Rxb4 44. Rc2 Rb3 45. g4 Kd6 46. Re2 Ke6 47. Kg3 Rd3 48. Re1 Rb3 49. Re2 Rd3 50. Kf2 Rb3 51. h5 Rd3 52. Kg3 Rd1 53. Rf2 Rg1+ 54. Kh2 Re1 55. Rf6+ Ke7 56. Rh6 Re2+ 57. Kg1 Rxb2 58. Ra6 Re2 59. Rxa4 Rxe3 60. Ra7+ Ke6 61. Ra6+ Ke7 62. Ra7+ Ke6 63. Ra6+ 1/2-1/2

[Event "SVK-chT2A 2122"]
[Site "Slovakia"]
[Date "2022.03.27"]
[Round "9.4"]
[White "Walterova, Ema"]
[Black "Federic, Jozef"]
[Result "0-1"]
[WhiteElo "2013"]
[BlackElo "2212"]
[PlyCount "80"]
[EventDate "2021.10.16"]
[EventType "team-tourn"]
[EventRounds "11"]
[EventCountry "SVK"]
[SourceTitle "EXT 2023"]
[Source "ChessBase"]
[SourceDate "2022.10.05"]
[SourceVersion "1"]
[SourceVersionDate "2022.10.05"]
[SourceQuality "1"]
[WhiteTeam "Senec"]
[BlackTeam "Modra II"]
[WhiteTeamCountry "SVK"]
[BlackTeamCountry "SVK"]

1. e4 c5 2. Nf3 e6 3. g3 Nc6 4. Bg2 Nf6 5. e5 Ng4 6. Qe2 Qc7 7. d4 cxd4 8. Bf4 d6 9. exd6 Bxd6 10. Bxd6 Qxd6 11. 0-0 0-0 12. Rd1 e5 13. c3 Bf5 14. cxd4 exd4 15. Qb5 Bg6 16. Nh4 Rab8 17. Nxg6 hxg6 18. Na3 Qf6 19. Qe2 Nge5 20. f4 Nd7 21. Nb5 Nc5 22. Rac1 Ne6 23. Qc4 Rfc8 24. Nd6 Rd8 25. Ne4 Qe7 26. a3 Rbc8 27. b4 a6 28. Qb3 Na7 29. a4 Rxc1 30. Rxc1 Rc8 31. Rxc8+ Nxc8 32. b5 Qc7 33. Bh3 Nd6 34. bxa6 bxa6 35. Qd3 Qc1+ 36. Kf2 Nxf4 37. gxf4 Qxf4+ 38. Ke2 Nxe4 39. Qxd4 Qxh2+ 40. Ke1 Qg3+ 0-1

[Event "SVK-chT 2122"]
[Site "Slovakia"]
[Date "2022.03.12"]
[Round "5.7"]
[White "Straka, Jozef1"]
[Black "Federic, Jozef"]
[Result "1/2-1/2"]
[WhiteElo "2313"]
[BlackElo "2206"]
[PlyCount "48"]
[EventDate "2021.10.23"]
[EventType "team-tourn"]
[EventRounds "11"]
[EventCountry "SVK"]
[SourceTitle "EXT 2023"]
[Source "ChessBase"]
[SourceDate "2022.10.05"]
[SourceVersion "1"]
[SourceVersionDate "2022.10.05"]
[SourceQuality "1"]
[WhiteTeam "Zilina Mladost"]
[BlackTeam "Modra"]
[WhiteTeamCountry "SVK"]
[BlackTeamCountry "SVK"]

1. d4 d5 2. c4 e6 3. Nc3 Nf6 4. Bg5 Be7 5. e3 0-0 6. Nf3 c6 7. Qc2 Nbd7 8. h3 Re8 9. Rd1 b6 10. Bd3 h6 11. Bf4 Bb7 12. 0-0 a6 13. e4 dxc4 14. Bxc4 b5 15. Bd3 c5 16. d5 exd5 17. exd5 b4 18. d6 Bxf3 19. gxf3 bxc3 20. dxe7 Qxe7 21. bxc3 Ne5 22. Be4 Nxe4 23. Qxe4 Qf6 24. Bxe5 Qxe5 1/2-1/2

[Event "SVK-chT2A 2122"]
[Site "Slovakia"]
[Date "2021.11.14"]
[Round "4.6"]
[White "Federic, Jozef"]
[Black "Simonics, Peter"]
[Result "1/2-1/2"]
[WhiteElo "2212"]
[BlackElo "2049"]
[PlyCount "115"]
[EventDate "2021.10.16"]
[EventType "team-tourn"]
[EventRounds "11"]
[EventCountry "SVK"]
[SourceTitle "EXT 2023"]
[Source "ChessBase"]
[SourceDate "2022.10.05"]
[SourceVersion "1"]
[SourceVersionDate "2022.10.05"]
[SourceQuality "1"]
[WhiteTeam "Modra II"]
[BlackTeam "Dunajska Streda II"]
[WhiteTeamCountry "SVK"]
[BlackTeamCountry "SVK"]

1. d4 Nf6 2. Nf3 g6 3. g3 Bg7 4. Bg2 0-0 5. 0-0 d6 6. c4 Nbd7 7. Nc3 Re8 8. Bf4 Nh5 9. Be3 c6 10. Rc1 Qa5 11. Qd2 Nhf6 12. Nd5 Qxd2 13. Nxf6+ Nxf6 14. Bxd2 e5 15. dxe5 dxe5 16. Rfd1 Bf5 17. Ne1 Be6 18. Nd3 Nd7 19. b3 Rad8 20. Bb4 Bf8 21. Bc3 Bg7 22. Bb4 Bf8 23. Ba5 Rc8 24. Bc3 Bg7 25. Kf1 b6 26. Nb4 Nb8 27. Rc2 c5 28. Nd5 Nc6 29. Rcd2 f5 30. e3 Kf7 31. Ba1 h6 32. h4 g5 33. hxg5 hxg5 34. Nc3 Red8 35. Nb5 Rxd2 36. Rxd2 Ke7 37. Bxc6 Rxc6 38. Nxa7 Rc7 39. Nb5 Rc8 40. Rd6 Rh8 41. Ke2 f4 42. Rxb6 Bg4+ 43. Kd2 fxg3 44. Rb7+ Bd7 45. fxg3 Rh2+ 46. Kd3 e4+ 47. Kxe4 Bxa1 48. a4 Rd2 49. Rc7 Rb2 50. Rxc5 Rxb3 51. Rxg5 Rb4 52. Nd4 Rxc4 53. a5 Ra4 54. Rc5 Kd6 55. Rd5+ Ke7 56. Rc5 Kd6 57. Rd5+ Ke7 58. Rc5 1/2-1/2